Classifica Marcatori Ligue 1 2015-2016 - Statistics

Statistiche generali
  • Questo quiz è stato fatto 4 volte
  • Il punteggio medio è 4 su 16
Statistiche sulle risposte
Gol Nazione Squadra Calciatore % Corretto
38 Svezia Paris SG Zlatan Ibrahimović
100%
21 Francia Olympique Lione Alexandre Lacazette
67%
10 Argentina Paris SG Ángel Di María
67%
19 Uruguay Paris SG Edinson Cavani
67%
17 Francia Tolosa Wissam Ben Yedder
67%
17 Francia Nizza Hatem Ben Arfa
33%
12 Francia Caen Andy Delort
0%
13 Camerun Lorient Benjamin Moukandjo
0%
10 Mali Bordeaux Cheick Diabaté
0%
11 Ghana Lorient Majeed Waris
0%
11 Danimarca Tolosa Martin Braithwaite
0%
17 Belgio Olympique Marsiglia Michy Batshuayi
0%
12 Francia Rennes Ousmane Dembélé
0%
10 Francia Caen Ronny Rodelin
0%
11 Marocco Lilla Sofiane Boufal
0%
14 Francia Nizza Valère Germain
0%
Nessun quiz corrispondente trovato
Distribuzione punteggi
Percentuale di utenti per punteggio
Percentile per numero di risposta
I tuoi punteggi nel tempo
Non hai fatto questo quiz